000
00344pam a2200157a 44500
008
230515b1992 xxu||||| |||| 00| 0 eng d
020
_a
NULL
041
_a
ENGLISH
082
_a
N.D.
100
_a
Nagpal G.R.
245
_a
Machine Tool Engineering
250
_a
0
260
_a
NULL
_b
Khanna Pub.
_c
1992
300
_a
428
650
_a
NULL
999
_c
574238
_d
574238